LEADER 00922nam a2200193 i 4500 001 000000000897 003 CaOOAMICUS 005 20180830125434.0 008 180830s1954 xx u000 u und u 040 $aSeMil$bita 245 13$aIl Conciliatore :$bfoglio scientifico-letterario /$ca cura di Vittore Branca. 260 $aFirenze :$bLe Monnier,$c1954-1965. 300 $a3 v. ;$c19 cm. 700 1 $aBranca, Vittore,$d<1913-2004>.$0(OLS)http://semarc/name/89142 773 0 $aPancrazi, Pietro$tBiblioteca nazionale. Nuova serie.$dFirenze : Le Monnier, [195?]$w()19258 774 0 $t3 settembre 1818-31 dicembre 1818.$kBiblioteca nazionale. Nuova serie$gVolume1$w()40514 774 0 $tLuglio - ottobre 1819.$kBiblioteca nazionale. Nuova serie$gVolume3$w()169833 996 $6245$aIl Conciliatore :$bfoglio scientifico-letterario$9(OLS)http://semarc/title/1395 996 $6260$aFirenze :$bLe Monnier$9(OLS)http://semarc/publisher/30060 LEADER 01219nam a2200313 i 4500 001 000000003326 003 CaOOAMICUS 005 20260225163949.0 008 180830s1991 it e u000 u ita u 040 $aSeMil$bita 245 10$aEnciclopedia dell'arte medievale. 264 1$aRoma :$bIstituto della Enciclopedia Italiana,$c1991-2002. 300 $av. ;$c32 cm 650 4$aArte medievale - Enciclopedie e dizionari.$0(OLS)http://semarc/subject/701 774 0 $t1: Aaland-Anima.$w()38906 774 0 $t2: Animali-Bacini.$w()103223 774 0 $t3: Ba?kovo-Buonamico Buffalmacco.$w()103225 774 0 $t4: Burgenland-Cîteaux.$w()103227 774 0 $t5: Città-Erevan.$w()103228 774 0 $t6: Erfurt-Giustiniano.$w()103229 774 0 $t7: Giustizia-Lovanio.$w()103230 774 0 $t8: Lubecca-Ospedalieri.$w()103232 774 0 $t9: Osso-Ribat.$w()103234 774 0 $t10: Ricamo-Strasburgo.$w()103235 774 0 $t11: Stucco-Zwettl.$w()103280 774 0 $t12: Indici.$w()106651 996 $6245$aEnciclopedia dell'arte medievale.$9(OLS)http://semarc/title/5690 996 $6264$aRoma :$bIstituto della Enciclopedia Italiana$9(OLS)http://semarc/publisher/30014